00643nam a22002177a 450000500170000001000130001702000100003003500130004003700160005304000120006908200130008110000170009424500360011126000780014727000370022530000260026249000290028850000200031765000420033765000460037920170124110105.0 aA-410170 c75.00 aA-410170 bCen Lib/Ret aDPLbEN a921bPAN aPande, B. N. aIndira Gandhi /cby B. N. Pande aNew DelhibMinistry of Information and Broadcasting, Govt. of Indiac1989 bNew DelhiaPatiala Housee110001 aviii,491p. c22cm(Hb) aBuilders of modern India aIncludes index  aPrime ministers -- India -- Biography aIndia -- Politics and government -- 1947-